000 00493cam a2200181ua 4500
001 20413
008 190311n2014 II |||gr||||Z||||||asm
040 _aMAIN
041 _aEnglish
082 _a891.451 NATH
100 _aNATH, DIJEN.,
_eEDITOR.
245 _aGOALPORIYA LOKA KATHAR SUGANDHI SAURABH (A Collection of Various Folklore of Goalpara District)
250 _a1ST.
260 _aDIBRUGARH
_bBANALATA
_c2014
300 _a280:
_c20CM.
653 _aAsomiya Sahitya
942 _cBK
999 _c20275
_d20275